Computer Fundamentals and Windows with Internet Technology (Record no. 5722)

MARC details
000 -LEADER
fixed length control field 00398nam a2200157Ia 4500
008 - FIXED-LENGTH DATA ELEMENTS--GENERAL INFORMATION
fixed length control field 230524s9999 xx 000 0 und d
020 ## - INTERNATIONAL STANDARD BOOK NUMBER
ISBN 818732838x
082 ## - DEWEY DECIMAL CLASSIFICATION NUMBER
Classification number 4
Item number KRI
100 ## - MAIN ENTRY--AUTHOR NAME
Personal name N.Krishnan
245 #0 - TITLE STATEMENT
Title Computer Fundamentals and Windows with Internet Technology
260 ## - PUBLICATION, DISTRIBUTION, ETC. (IMPRINT)
Place of publication CHENNAI
Name of publisher Scitech
Year of publication 2001
300 ## - PHYSICAL DESCRIPTION
Number of Pages X;365
500 ## - GENERAL NOTE
General note Quantity Number: 3
650 ## - SUBJECT ADDED ENTRY--TOPICAL TERM
Topical Term Comp-Sc
942 ## - ADDED ENTRY ELEMENTS (KOHA)
Koha item type Books
Holdings
Lost status Damaged status Permanent Location Current Location Shelving location Date acquired Full call number Accession Number Koha item type
    Central Library, Trident Academy of Technology Central Library, Trident Academy of Technology General Stacks 05/24/2023 004 KRI 2016 Books
    Central Library, Trident Academy of Technology Central Library, Trident Academy of Technology General Stacks 05/24/2023 004 KRI 6928 Books
    Central Library, Trident Academy of Technology Central Library, Trident Academy of Technology General Stacks 05/24/2023 004 KRI 6929 Books
Trident Academy of Technology © 2023.
All rights reserved.                                                                                                                                                                                                        Designed by Team of Central Library .

Powered by Koha